| 000 | 00679nam a2200205 i 4500 | ||
|---|---|---|---|
| 001 | 107923 | ||
| 003 | ES-MaACL | ||
| 005 | 20250829080457.0 | ||
| 007 | t| | ||
| 008 | 061219s1969 sp ||||1| spa d | ||
| 100 | 1 |
_aMachado, Antonio, _d1875-1939 _975151 |
|
| 245 | 1 | 0 |
_aAntología poética / _cAntonio Machado; prólogo de Julián Marías. |
| 260 |
_a[Madrid] : _bSalvat, _c[1969] |
||
| 300 |
_a190 p. ; _c19 cm. |
||
| 490 | 1 |
_aBiblioteca básica Salvat de Libros RTV ; _v16 |
|
| 700 | 1 |
_aMarías, Julián, _d1914-2005 _976688 |
|
| 830 | 0 | 0 |
_aBiblioteca básica Salvat de libros RTV _v16 _9185398 |
| 852 |
_aES-MaACL _jE-2937 _bR.69765 |
||
| 999 |
_c107923 _d107923 |
||